Names That End in 'ING' II Quiz Stats

 Plays Quiz Updated Mar 3, 2016

Challenge
Share
Tweet
Embed
Score 0/22 Timer 07:00
2 Plays Today
Hint Answer % Correct
Harry Potter creatorJK Rowling
80.5%
Creator of The Simpsons and FuturamaMatt Groening
70.8%
Seven and a half foot tall Chinese RocketYao Ming
58.5%
American figure skater who will forever be associated with an attack on Nancy KerriganTonya Harding
57%
A rabid dog and a telekinetic girl are just some of the horrors he has unleashed on the worldStephen King
52.1%
Jodie Foster in The Silence of the LambsClarice Starling
46.5%
MLB pitcher perhaps best remembered for a bloody sockCurt Schilling
44.7%
Saved By the Bell principalMr. Belding
44.2%
This TV producer's credits include Starsky and Hutch, Charlie's Angels and Beverly Hills 90210Aaron Spelling
41.5%
This member of the 1986 Mets shares his last name with a term of endearment Ron Darling
39.9%
Her films include Bugsy, The American President and American BeautyAnnette Bening
38.2%
Hint Answer % Correct
Inventor of the first successful machine gunRichard Gatling
35.4%
One of the leading members of the Nazi party and commander of the LuftwaffeHermann Goering
34.1%
Discoverer of penicillinAlexander Fleming
30.1%
Creator of The Twilight ZoneRod Serling
28.1%
NBA hall of fame center and 11-time all starPatrick Ewing
23.8%
Police bassist and vocalistSting
16.6%
The first European to discover AlaskaVitus Bering
13.2%
Top 10 ranked professional Swedish tennis playerRobin Soderling
10.6%
The name of this WWII Norwegian politician has become synonymous with traitor or collaboratorVidkun Quisling
10.3%
Paramount Leader of the People's Republic of China from 1978-1992Deng Xiaoping
9%
General Field Marshal of the Luftwaffe, later Commander-in-Chief of the German troops in ItalyAlbert Kesselring
1.7%

You're not logged in!

Compare scores with friends on all Sporcle quizzes.
Join for Free
OR
Log In

You Might Also Like...

Show Comments

Extras

Top Quizzes Today


Score Distribution

Your Account Isn't Verified!

In order to create a playlist on Sporcle, you need to verify the email address you used during registration. Go to your Sporcle Settings to finish the process.

Report this User

Report this user for behavior that violates our Community Guidelines.

Details: